Normal view
MARC view
Entry Término temático
001 - NÚMERO DE CONTROL
- campo de control: 189184
003 - IDENTIFICADOR DEL NÚMERO DE CONTROL
- campo de control: CHAP
005 - FECHA Y HORA DE LA ÚLTIMA TRANSACCIÓN
- campo de control: 20240610182607.0
008 - DATOS DE LONGITUD FIJA
- campo de control de longitud fija: 240610|| aca||babn | a|a d
040 ## - FUENTE DE LA CATALOGACIÓN
- Centro catalogador/agencia de origen: mxchpua
150 ## - ENCABEZAMIENTO--TÉRMINO DE MATERIA
- Término de materia o nombre geográfico como elemento de entrada: Alimentos Halal
